| 000 | 01474nam a2200145Ia 4500 | ||
|---|---|---|---|
| 008 | 220216s9999 xx 000 0 und d | ||
| 100 | _aAlbaladejo J L | ||
| 245 | 0 | _aGlobal resource availability and utilization of rubberwood | |
| 260 |
_bIn: Proceedings of the Global Forum on Investment Opportunities in the Indian Rubberwood Industry, 19-21 March 1996, Cochin, India, 1996, pp. 1-17. _c1996 |
||
| 520 | _aThis paper is based on a study of the world supply potential of rubberwood for which data were collected from 15 countries through field visits. The objective of the study was to cross verify the data obtained from various sources and to design an appropriate methodology for the preparation of wood production estimates. The world's rubber plantation area is estimated at 9 million ha., of which more than 90 percent is located in Asia. An important aspect having bearing on the future supply of both natural rubber and rubberwood is that while African and Latin American countries aim at the expansion of plantation area and production, countries like Malaysia and Sri Lanka show a decreasing treand in growing rubber since the 1970s. Other factors that constrain the future supply potential are the predominance of smallholders, poor infrastructure facilities and inaccessible locations of plantations, insufficient replanting programmes, etc. | ||
| 650 | _aRubberwood industry | ||
| 650 | _aRubberwood prices | ||
| 650 | _aRubberwood production | ||
| 942 | _cBO | ||
| 999 |
_c48171 _d48171 |
||